000 00830nam a22002657a 4500
001 BR8900209
003 BR-BrBNA
005 20230928093123.0
007 ta
008 230509b bl.||||| |||| 00| 0 por d
040 _aBR-BrBNA
_bpor
_cBiblioteca Nacional de Agricultura
041 _a(Spa)
072 _aF06; P11
090 _ F06 BR8900209
110 1 _aPrograma Nacional para Aproveitamento de Varzeas Irrigaveis, Brasilia, DF (Brasil)
_98051
245 1 _aProyecto sistema de viego y drenaje para el cultivo de arroz irrigado campo experimental de arroz Euzebio Ayala [Paraguai]
260 3 _aBrasilia, DF (Brasil):
_c1984.
300 _a58 p.
500 _a11 ref.
650 _aPROJETO DE DESENVOLVIMENTO
650 _aIRRIGACAO
650 _aDRENAGEM
909 _a202309
_bLucia
_c55
_dLucia Elande
942 _cBK
999 _c43118
_d43118